| 000 | 00887nam a2200217 i 4500 | ||
|---|---|---|---|
| 001 | 175517 | ||
| 003 | ES-MaACL | ||
| 005 | 20240429091317.0 | ||
| 008 | 101103s2004 cl a |||| | spa d | ||
| 080 | _a821.134.2(83) Huidobro, Vicente 1.07 | ||
| 100 | 1 |
_aReverte Bernal, Concepción. _996416 |
|
| 245 | 1 | 0 |
_aLlaves de puertas secretas _b: otros datos para la compresión de "Gilles de Raiz" de Vicente Huidobro. |
| 260 |
_aSantiago : _bCentro de Estudios de Literatura Chilena, Pontificia Universidad Católica de Chile, _c2004. |
||
| 300 |
_aP. 61-88 ; _c25 cm. |
||
| 504 | _aBibliografía: p. 81-84. | ||
| 595 | _aSeparata de: Anales de literatura chilena, año 5, n. 5, 2004. | ||
| 600 | 1 | 4 |
_aHuidobro, Vicente, _d1893-1948- _xCrítica e interpretación _964671 |
| 710 | 2 |
_aUniversidad Católica de Chile. _9143828 |
|
| 852 |
_aES-MaACL _j2283-F-11 |
||
| 999 |
_c175517 _d175517 |
||